| 000 | 00496cam a2200193ua 4500 | ||
|---|---|---|---|
| 020 |
_a81-204-0184-0 _c65.00 |
||
| 041 |
_aeng _h |
||
| 082 |
_a028.72631 _bMIS/MA |
||
| 100 | _aMisra, R D . | ||
| 245 |
_aManual on irrigation agronomy / _cR D Misra. _hTextual Documents |
||
| 250 |
_a1 / _b. |
||
| 260 |
_aNew Delhi : _bOxford & IBH Publishing company , _c1987. |
||
| 300 | _a412 ; . | ||
| 365 | _a65.00 | ||
| 504 | _a | ||
| 700 | 1 | _aAhmed, M . | |
| 942 | _cBK | ||
| 999 |
_c5521 _d5521 |
||